000 00539nam a2200193 4500
003 SEACOMEC
005 20240911151945.0
008 240911b |||||||| |||| 00| 0 eng d
020 _a0131969021
_c325.00
040 _aSEACOMEC
082 _a 658.872
_bS912
100 _a Strauss, Judy.
245 _aE-marketing /
_c Judy Strauss, Adel El-Ansary, Raymond Frost-
250 _a 4th ed
260 _aNew Delhi
_bPearson/Prentice Hall,
_c c2006.
300 _a xxiii, 456 p: ill; 23 cm.
650 _a Internet marketing
942 _cBOOK
999 _c1702
_d1702